[Event "Miedzynarodowe Mistrzostwa Malopolski"]
[Site "Krakow"]
[Date "2011.05.06"]
[Round "6"]
[White "Jakubiec, Artur"]
[Black "Khamitskiy, Sergei"]
[Result "1-0"]
[WhiteElo "2535"]
[BlackElo "2317"]
[PlyCount "77"]
[EventDate "2011.??.??"]

1. e4 e6 2. d4 d5 3. Nd2 Nf6 4. e5 Nfd7 5. f4 c5 6. c3 Nc6 7. Ndf3 Qb6 8. a3
cxd4 9. cxd4 Na5 10. Ne2 Qb3 11. Qd2 b6 12. Nc3 Nc4 13. Qd1 Qxd1+ 14. Kxd1 a6
15. f5 b5 16. fxe6 fxe6 17. Bd3 Be7 18. h4 Nb8 19. Ne2 Nc6 20. b3 N4a5 21. Kc2
O-O 22. Kb2 Bd7 23. Be3 Bd8 24. Ng5 h6 25. Nf3 Ne7 26. Raf1 Nf5 27. Bxf5 Rxf5
28. g4 Rf8 29. g5 Kh7 30. gxh6 gxh6 31. Ng5+ Bxg5 32. hxg5 Rxf1 33. Rxf1 Rg8
34. Rh1 Rg6 35. Ng3 Bc6 36. Nh5 hxg5 37. Nf6+ Kg7 38. Rh7+ Kf8 39. Bd2 1-0

[Event "Miedzynarodowe Mistrzostwa Malopolski"]
[Site "Krakow"]
[Date "2011.05.06"]
[Round "6"]
[White "Lach, Piotr"]
[Black "Barski, Radoslaw"]
[Result "0-1"]
[WhiteElo "2176"]
[BlackElo "2284"]
[PlyCount "100"]
[EventDate "2011.??.??"]

1. d4 d5 2. Nf3 Nf6 3. c4 c6 4. cxd5 cxd5 5. Nc3 Nc6 6. Bf4 Bf5 7. e3 Qb6 8.
Qb3 e6 9. Bb5 Nd7 10. O-O a6 11. Be2 Qxb3 12. axb3 f6 13. Nb5 Kf7 14. Rfc1 e5
15. Nh4 Rc8 16. Nxf5 axb5 17. Bg3 g6 18. Nh4 e4 19. Ra5 Bb4 20. Rxb5 Nxd4 21.
Rxc8 Nxe2+ 22. Kf1 Nxg3+ 23. hxg3 Rxc8 24. Rxb4 b6 25. f3 f5 26. g4 Kf6 27. Kf2
Rc2+ 28. Kg3 Rxb2 29. Rb5 f4+ 30. exf4 e3 31. Rxd5 Rd2 32. g5+ Kf7 33. Rb5 Rd1
34. Rb4 e2 35. Re4 e1=Q+ 36. Rxe1 Rxe1 37. f5 Rh1 38. fxg6+ hxg6 39. f4 Rxh4
40. Kxh4 Nc5 41. g4 Nxb3 42. Kg3 Nd2 43. f5 b5 44. Kf4 Nc4 45. Ke4 Nd6+ 46. Kf4
b4 47. Ke3 gxf5 48. gxf5 Nxf5+ 49. Kd3 b3 50. Kc3 Nd4 0-1

[Event "Miedzynarodowe Mistrzostwa Malopolski"]
[Site "Krakow"]
[Date "2011.05.06"]
[Round "6"]
[White "Szuper, Paul"]
[Black "Gbyl, Andrzej"]
[Result "0-1"]
[WhiteElo "2184"]
[BlackElo "2244"]
[PlyCount "76"]
[EventDate "2011.??.??"]

1. d4 d5 2. c4 c6 3. Nf3 Nf6 4. Qc2 e6 5. e3 Bd6 6. Nc3 O-O 7. Bd3 dxc4 8. Bxc4
b5 9. Bd3 Nbd7 10. O-O Bb7 11. h3 h6 12. Rd1 Qb8 13. e4 e5 14. a4 Rc8 15. Ne2
c5 16. dxe5 Nxe5 17. Nxe5 Bxe5 18. Bxb5 Bxe4 19. Bd3 Bxd3 20. Rxd3 c4 21. Rf3
Qb4 22. Nc3 Rab8 23. g3 Re8 24. a5 Bd4 25. Kg2 Qc5 26. Bf4 Rb3 27. Rd1 Bxc3 28.
Rxc3 Rxc3 29. Qxc3 Re2 30. Be3 Qc6+ 31. Kf1 Qf3 32. Rd8+ Kh7 33. Bd4 Qe4 34. f3
Qe6 35. Bxf6 Rh2 36. Qe5 Qxh3+ 37. Ke1 gxf6 38. Qb8 Qe6+ 0-1

[Event "Miedzynarodowe Mistrzostwa Malopolski"]
[Site "Krakow"]
[Date "2011.05.06"]
[Round "6"]
[White "Swiech, Przemyslaw"]
[Black "Sadzikowski, Daniel"]
[Result "0-1"]
[WhiteElo "2219"]
[BlackElo "2374"]
[PlyCount "94"]
[EventDate "2011.??.??"]

1. d4 d5 2. c4 c6 3. Nc3 Nf6 4. Nf3 e6 5. Bg5 dxc4 6. e4 b5 7. e5 h6 8. Bh4 g5
9. Nxg5 hxg5 10. Bxg5 Nbd7 11. exf6 Bb7 12. g3 c5 13. d5 Qb6 14. Bg2 O-O-O 15.
O-O b4 16. Rb1 Qa6 17. Re1 Nb6 18. Qg4 Nxd5 19. Nxd5 Bxd5 20. Bxd5 Rxd5 21.
Rbd1 Rd3 22. Qe4 Bd6 23. Be3 Kc7 24. b3 Rxd1 25. h4 c3 26. Rxd1 Rd8 27. Kg2 Qe2
28. Rh1 Rg8 29. Kh3 Rg6 30. Rg1 Rxf6 31. f4 Rg6 32. Rg2 Qg4+ 33. Kh2 Rg8 34. a3
e5 35. Qd5 exf4 36. Kg1 fxg3 37. Bxc5 Qe6 38. Bxd6+ Qxd6 39. Qxf7+ Kb6 40. Ra2
Qd4+ 41. Kg2 Qe4+ 42. Kg1 Qb1+ 43. Qf1 Qxf1+ 44. Kxf1 g2+ 45. Kg1 bxa3 46. Rxa3
c2 47. Ra1 Rd8 0-1

[Event "Miedzynarodowe Mistrzostwa Malopolski"]
[Site "Krakow"]
[Date "2011.05.06"]
[Round "6"]
[White "Watorek, Marcin"]
[Black "Kawula, Andrzej"]
[Result "1-0"]
[WhiteElo "2104"]
[BlackElo "1989"]
[PlyCount "39"]
[EventDate "2011.??.??"]

1. d4 e6 2. c4 f5 3. g3 Nf6 4. Bg2 Be7 5. Nh3 O-O 6. O-O d5 7. b3 c6 8. Bb2 a5
9. Nd2 Ne4 10. f3 Nxd2 11. Qxd2 b5 12. cxb5 cxb5 13. Nf4 Bg5 14. Rac1 Qd6 15.
e3 Ba6 16. Qxa5 b4 17. Rfe1 Bb7 18. Qc7 Bxf4 19. Qxb7 Rxa2 20. exf4 1-0

[Event "Miedzynarodowe Mistrzostwa Malopolski"]
[Site "Krakow"]
[Date "2011.05.06"]
[Round "6"]
[White "Suliborski, Jakub"]
[Black "Kaim, Piotr"]
[Result "0-1"]
[WhiteElo "1902"]
[BlackElo "2285"]
[PlyCount "62"]
[EventDate "2011.??.??"]

1. c4 b6 2. d4 e6 3. Nf3 Bb7 4. Nc3 Bb4 5. a3 Bxc3+ 6. bxc3 Nf6 7. Bg5 h6 8.
Bh4 g5 9. Bg3 Ne4 10. Qc2 h5 11. Nd2 Nxd2 12. Kxd2 Nc6 13. h4 Na5 14. e3 d6 15.
hxg5 Qd7 16. g6 f5 17. Be2 O-O-O 18. Qa2 Bxg2 19. Rhg1 Be4 20. Bh4 Rdg8 21. Rg3
f4 22. Rg5 Rxg6 23. Rxg6 Bxg6 24. Rg1 Be4 25. exf4 Qf7 26. Bg5 h4 27. Bg4 Bf5
28. f3 h3 29. Ke1 Qg6 30. d5 h2 31. Rh1 Bxg4 0-1

[Event "Miedzynarodowe Mistrzostwa Malopolski"]
[Site "Krakow"]
[Date "2011.05.06"]
[Round "6"]
[White "Zaboklicki, Zbigniew"]
[Black "Jakubiec, Edyta"]
[Result "0-1"]
[WhiteElo "1898"]
[BlackElo "2206"]
[PlyCount "166"]
[EventDate "2011.??.??"]

1. Nf3 f5 2. b3 Nf6 3. Bb2 g6 4. g3 Bg7 5. Bg2 O-O 6. O-O d6 7. d4 Ne4 8. Nbd2
Nxd2 9. Qxd2 Nc6 10. Rad1 Qe8 11. e3 e5 12. dxe5 dxe5 13. c4 Qe7 14. Qc1 a5 15.
Ne1 e4 16. Ba3 Nb4 17. Nc2 c5 18. Bxb4 axb4 19. a3 bxa3 20. Nxa3 Bd7 21. Nb1
Bc6 22. Nc3 Qe5 23. Nd5 Ra2 24. Rd2 Rfa8 25. Rxa2 Rxa2 26. Qd1 h5 27. Nf4 Kh7
28. h4 Bf6 29. Bh3 Kh6 30. Bg2 Rb2 31. Kh2 b5 32. Kg1 b4 33. Nh3 Ra2 34. Ng5
Kg7 35. Nh3 Be8 36. Nf4 Bc6 37. Nh3 Qe6 38. Nf4 Qd7 39. Qxd7+ Bxd7 40. Rd1 Ra1
41. Rxa1 Bxa1 42. f3 exf3 43. Bxf3 Kf6 44. Nd3 Be5 45. Nxc5 Be8 46. Kf2 Ke7 47.
Nd3 Bc3 48. Ke2 Kf6 49. Nf4 Bf7 50. Bd5 Be8 51. Nd3 g5 52. hxg5+ Kxg5 53. Kf3
Bd7 54. Nc1 Be1 55. c5 Kf6 56. Nd3 Bc3 57. Bb7 Be6 58. Nc1 Bd2 59. Ne2 Bxb3 60.
Nd4 Bd1+ 61. Kf2 b3 62. c6 Ba5 63. Ba6 Bc2 64. Nxb3 Bxb3 65. Be2 Kg5 66. Bf3
Bc2 67. Be2 Be4 68. Bb5 Bc7 69. Ba4 Bd5 70. Bb5 Bb3 71. Be2 Bc2 72. Bc4 Be4 73.
Bb5 Kg4 74. Be2+ Kh3 75. Bxh5 Bxg3+ 76. Ke2 Bxc6 77. Bg6 Be4 78. Be8 Kg2 79.
Bh5 Be5 80. Bg6 Bb2 81. Bh5 Kg3 82. Bg6 Bf3+ 83. Kd3 Bg4 0-1

[Event "Miedzynarodowe Mistrzostwa Malopolski"]
[Site "Krakow"]
[Date "2011.05.06"]
[Round "6"]
[White "Goslawski, Michal"]
[Black "Bednarczyk, Damian"]
[Result "1-0"]
[WhiteElo "2033"]
[BlackElo "2002"]
[PlyCount "63"]
[EventDate "2011.??.??"]

1. d4 d5 2. c4 e6 3. Nf3 c6 4. Qc2 Nf6 5. Bg5 Nbd7 6. e3 Bd6 7. Nc3 O-O 8. Rd1
h6 9. Bh4 Re8 10. Be2 Qe7 11. O-O dxc4 12. Bxc4 b5 13. Bd3 g5 14. Bg3 Bxg3 15.
hxg3 Bb7 16. Ne4 Nxe4 17. Bxe4 Rac8 18. Ne5 Nf6 19. Bd3 Red8 20. f4 Nd7 21.
Nxd7 Rxd7 22. f5 a6 23. b4 Re8 24. Rde1 e5 25. f6 Qxb4 26. Qd1 Rdd8 27. Qh5 Qf8
28. Rf5 e4 29. Rxg5+ hxg5 30. Qxg5+ Kh7 31. Kf2 Qh6 32. Rh1 1-0

[Event "Miedzynarodowe Mistrzostwa Malopolski"]
[Site "Krakow"]
[Date "2011.05.06"]
[Round "6"]
[White "Kosturkiewicz, Jacek"]
[Black "Wierzbicka, Wiktoria"]
[Result "1/2-1/2"]
[WhiteElo "2030"]
[BlackElo "2026"]
[PlyCount "109"]
[EventDate "2011.??.??"]

1. e4 e6 2. d4 Nf6 3. Nc3 d5 4. Bg5 dxe4 5. Nxe4 Be7 6. Bxf6 gxf6 7. Nf3 f5 8.
Ng3 c5 9. Qd2 Nc6 10. Bb5 Bd7 11. O-O-O cxd4 12. Nxd4 Qc7 13. Bxc6 Bxc6 14.
Nxc6 Qxc6 15. Qd4 Rg8 16. f4 Rc8 17. c3 a5 18. Nh5 a4 19. a3 b5 20. g3 Qc4 21.
Nf6+ Bxf6 22. Qxf6 b4 23. axb4 a3 24. Qd4 a2 25. Kc2 a1=N+ 26. Kb1 Qxd4 27.
Rxd4 Ra8 28. Rhd1 h5 29. c4 h4 30. R4d3 hxg3 31. Rxg3 Rxg3 32. hxg3 Ra4 33. Rd3
Rxb4 34. Kxa1 Rxc4 35. b3 Re4 36. Kb2 f6 37. Kc3 e5 38. Rf3 exf4 39. gxf4 Ke7
40. b4 Ke6 41. Rf2 Ke7 42. Rf1 Ke6 43. Kb3 Kd6 44. Ka4 Kc6 45. Ka5 Rd4 46. b5+
Kb7 47. Rh1 Rxf4 48. Rh7+ Kc8 49. Rf7 Re4 50. Rxf6 Kb7 51. Rf7+ Kb8 52. Ka6
Re6+ 53. b6 Re8 54. Rxf5 Rg8 55. Rf6 1/2-1/2

[Event "Miedzynarodowe Mistrzostwa Malopolski"]
[Site "Krakow"]
[Date "2011.05.06"]
[Round "6"]
[White "Sanetra, Szymon"]
[Black "Zadlo, Tomasz"]
[Result "0-1"]
[WhiteElo "2028"]
[BlackElo "2077"]
[PlyCount "104"]
[EventDate "2011.??.??"]

1. d4 f5 2. g3 Nf6 3. Bg2 g6 4. Nh3 Bg7 5. c4 Nc6 6. d5 Ne5 7. Qc2 O-O 8. O-O
d6 9. Nf4 c5 10. a4 b6 11. Nd3 Nf7 12. Nc3 Bd7 13. e4 Rb8 14. f4 fxe4 15. Nxe4
Nxe4 16. Bxe4 Nh6 17. Re1 a6 18. Ra2 b5 19. axb5 axb5 20. b3 bxc4 21. bxc4 Nf5
22. Bb2 Bxb2 23. Rxb2 Nd4 24. Qg2 Qc8 25. Reb1 Rxb2 26. Qxb2 Qa6 27. Rc1 Ra8
28. Nf2 Qa3 29. Qxa3 Rxa3 30. Kf1 Kf7 31. Bd3 Ba4 32. g4 Bd7 33. h3 h5 34. gxh5
gxh5 35. Kg2 Nf5 36. Re1 Nd4 37. Rc1 Ra2 38. Kf1 Rd2 39. Be4 Re2 40. Bd3 Re3
41. Kg2 Bxh3+ 42. Nxh3 Rxd3 43. Ng5+ Kf6 44. Rh1 Kg6 45. Re1 Kf5 46. Rxe7 Kg4
47. Ne6 Rd2+ 48. Kf1 Nf5 49. Rh7 h4 50. Ke1 Ra2 51. Rh8 Kf3 52. Rh5 Ne3 0-1

[Event "Miedzynarodowe Mistrzostwa Malopolski"]
[Site "?"]
[Date "2011.05.06"]
[Round "6"]
[White "Blasiak, Miroslaw"]
[Black "Szewczyk, Grzegorz"]
[Result "1-0"]
[WhiteElo "1957"]
[BlackElo "2000"]
[PlyCount "55"]
[EventDate "2011.05.01"]
[SourceDate "2011.05.06"]

1. e4 c5 2. Nf3 d6 3. d4 cxd4 4. Nxd4 Nf6 5. Nc3 a6 6. Bg5 e6 7. f4 Be7 8. Qf3
Qc7 9. O-O-O Nbd7 10. Bd3 h6 11. Bh4 g5 12. fxg5 Ne5 13. Qe2 Nfg4 14. Nf3 hxg5
15. Bxg5 Bxg5+ 16. Nxg5 Qc5 17. Nf3 Nf2 18. Nxe5 dxe5 19. Na4 Qa7 20. Bb5+ axb5
21. Qxb5+ Ke7 22. Qb4+ Kf6 23. Rhf1 Qxa4 24. Rxf2+ Kg6 25. Qe7 Rh7 26. Rd3 Rg7
27. Qf6+ Kh7 28. Qh4+ 1-0

[Event "Miedzynarodowe Mistrzostwa Malopolski"]
[Site "Krakow"]
[Date "2011.05.07"]
[Round "7"]
[White "Gbyl, Andrzej"]
[Black "Jakubiec, Artur"]
[Result "1/2-1/2"]
[WhiteElo "2244"]
[BlackElo "2535"]
[PlyCount "26"]
[EventDate "2011.??.??"]

1. d4 Nf6 2. c4 g6 3. Nc3 Bg7 4. e4 O-O 5. Nf3 c6 6. Be2 d5 7. e5 Ne4 8. O-O
Nxc3 9. bxc3 dxc4 10. Bxc4 b5 11. Bd3 Na6 12. Be4 Bb7 13. a4 Qc8 1/2-1/2

[Event "Miedzynarodowe Mistrzostwa Malopolski"]
[Site "Krakow"]
[Date "2011.05.07"]
[Round "7"]
[White "Sadzikowski, Daniel"]
[Black "Barski, Radoslaw"]
[Result "1-0"]
[WhiteElo "2374"]
[BlackElo "2284"]
[PlyCount "123"]
[EventDate "2011.??.??"]

1. d4 Nf6 2. c4 g6 3. Nc3 d5 4. Qb3 dxc4 5. Qxc4 Bg7 6. e4 O-O 7. Be2 Nfd7 8.
Be3 Nb6 9. Qd3 f5 10. Rd1 fxe4 11. Nxe4 Nc6 12. h4 Qd5 13. h5 Nb4 14. Qb1 Bf5
15. Bf3 Qa5 16. Kf1 N6d5 17. Bc1 Nxa2 18. g4 Bd7 19. Bd2 Nab4 20. Kg2 Qb6 21.
Nc5 Be8 22. Qe4 Bf7 23. hxg6 Bxg6 24. Qe6+ Bf7 25. Qf5 Qg6 26. Qxg6 hxg6 27.
Ne2 a5 28. Bh6 b6 29. Nd7 Rfd8 30. Ne5 Bxh6 31. Rxh6 Kg7 32. Rdh1 Nf6 33. Ng3
Nbd5 34. g5 Nf4+ 35. Kf1 N6h5 36. Nxh5+ Nxh5 37. Bxa8 Rxa8 38. Nxf7 Kxf7 39.
Rh7+ Ke6 40. Rh3 Rd8 41. Re3+ Kf5 42. Re5+ Kf4 43. Rf7+ Kg4 44. Rfxe7 Rxd4 45.
Re4+ Rxe4 46. Rxe4+ Kxg5 47. Re7 Nf4 48. Rxc7 Nd3 49. Rc2 Kf5 50. Ke2 Nf4+ 51.
Kf3 Nd5 52. Rc6 g5 53. Rc8 Ke5 54. Rg8 Kd4 55. Rxg5 b5 56. Ke2 Kc4 57. b3+ Kd4
58. Kd2 b4 59. Rg4+ Kc5 60. Kd3 a4 61. bxa4 b3 62. Rg5 1-0

[Event "Miedzynarodowe Mistrzostwa Malopolski"]
[Site "Krakow"]
[Date "2011.05.07"]
[Round "7"]
[White "Khamitskiy, Sergei"]
[Black "Lach, Piotr"]
[Result "1-0"]
[WhiteElo "2317"]
[BlackElo "2176"]
[PlyCount "143"]
[EventDate "2011.??.??"]

1. d4 d5 2. c4 e5 3. dxe5 d4 4. Nf3 Nc6 5. Nbd2 Nge7 6. a3 Be6 7. Qa4 Qd7 8. b4
Ng6 9. Bb2 Be7 10. b5 Ncxe5 11. Bxd4 Bf6 12. e3 O-O 13. Be2 a6 14. O-O Bg4 15.
Nxe5 Bxe5 16. Bxg4 Qxg4 17. Qd1 Qxd1 18. Rfxd1 Bxd4 19. exd4 axb5 20. cxb5 Ra4
21. Ne4 Nf4 22. Kf1 b6 23. Nc3 Rc4 24. Rac1 Ra8 25. Ne2 Rxc1 26. Rxc1 Nxe2 27.
Kxe2 Ra7 28. Rc3 Kf8 29. Kd3 Ke7 30. Kc4 Kd6 31. Kb4 Kd5 32. Rg3 g6 33. Rh3 h6
34. Rf3 Kxd4 35. Kb3 c6 36. bxc6 Kd5 37. Rf6 Kc5 38. g4 Re7 39. h4 h5 40. gxh5
gxh5 41. Kc3 Rc7 42. Rh6 Rxc6 43. Rxh5+ Kd6+ 44. Kd4 Ke6 45. Rb5 f5 46. Rb3
Rd6+ 47. Ke3 Kf6 48. Rb4 Re6+ 49. Kf4 Kg6 50. a4 Rd6 51. Ke5 Rc6 52. f3 Rc5+
53. Kf4 Rc6 54. Rd4 Rc3 55. Rb4 Rc6 56. h5+ Kxh5 57. Kxf5 Rc5+ 58. Ke6 Rc3 59.
Rxb6 Ra3 60. Rb5+ Kg6 61. a5 Rxf3 62. Rb6 Kg5 63. Ke7 Ra3 64. a6 Kf5 65. Kd6
Rd3+ 66. Kc7 Rh3 67. a7 Rh7+ 68. Kb8 Rh8+ 69. Kb7 Rh7+ 70. Ka6 Rh8 71. Rb8 Rh6+
72. Kb5 1-0

[Event "Miedzynarodowe Mistrzostwa Malopolski"]
[Site "Krakow"]
[Date "2011.05.07"]
[Round "7"]
[White "Kaim, Piotr"]
[Black "Watorek, Marcin"]
[Result "1-0"]
[WhiteElo "2285"]
[BlackElo "2104"]
[PlyCount "83"]
[EventDate "2011.??.??"]

1. e4 c5 2. Nf3 d6 3. d4 cxd4 4. Nxd4 Nf6 5. Nc3 Nc6 6. Bg5 e6 7. Qd3 a6 8. Be2
Be7 9. Rd1 Bd7 10. O-O O-O 11. Qg3 Qc7 12. Kh1 Nxd4 13. Rxd4 e5 14. Bh6 Ne8 15.
Nd5 Qd8 16. Nxe7+ Qxe7 17. Rd2 f5 18. Bg5 Qf7 19. exf5 Bxf5 20. Qh4 Nf6 21. Bc4
Be6 22. Bb3 d5 23. Bxf6 gxf6 24. f4 Qg6 25. Qf2 Qe4 26. Re1 Qf5 27. Bxd5 Bxd5
28. Rxd5 Qxf4 29. Qxf4 exf4 30. Kg1 Rad8 31. Rxd8 Rxd8 32. Kf2 Kf7 33. Kf3 Rd2
34. Re2 Rxe2 35. Kxe2 Ke6 36. c4 Ke5 37. Kd3 h5 38. b4 h4 39. a4 f5 40. a5 Kd6
41. Kd4 Kc6 42. h3 1-0

[Event "Miedzynarodowe Mistrzostwa Malopolski"]
[Site "Krakow"]
[Date "2011.05.07"]
[Round "7"]
[White "Goslawski, Michal"]
[Black "Szuper, Paul"]
[Result "0-1"]
[WhiteElo "2033"]
[BlackElo "2184"]
[PlyCount "54"]
[EventDate "2011.??.??"]

1. d4 e6 2. e4 d5 3. Nc3 Bb4 4. e5 c5 5. Bd2 Ne7 6. Nb5 Bxd2+ 7. Qxd2 O-O 8.
dxc5 Nbc6 9. f4 b6 10. Nf3 bxc5 11. Be2 Qb6 12. c4 Ba6 13. Nd6 f6 14. O-O fxe5
15. Nxe5 Nd4 16. Ndf7 Rxf7 17. Nxf7 Kxf7 18. Rae1 Bxc4 19. Bxc4 dxc4 20. Re5
Kg8 21. Rfe1 Rf8 22. R1e3 Rxf4 23. Rh3 Qd6 24. Qe1 Ng6 25. Reh5 Nc2 26. Qe2
Qd4+ 27. Kh1 Re4 0-1

[Event "Miedzynarodowe Mistrzostwa Malopolski"]
[Site "Krakow"]
[Date "2011.05.07"]
[Round "7"]
[White "Kawula, Andrzej"]
[Black "Swiech, Przemyslaw"]
[Result "0-1"]
[WhiteElo "1989"]
[BlackElo "2219"]
[PlyCount "42"]
[EventDate "2011.??.??"]

1. c4 Nf6 2. Nc3 e5 3. e4 Nc6 4. Nf3 Bc5 5. Be2 O-O 6. O-O d6 7. d3 h6 8. Nd5
Nxd5 9. cxd5 Nd4 10. Nxd4 Bxd4 11. Kh1 c6 12. dxc6 bxc6 13. Qc2 Be6 14. f4 exf4
15. Bxf4 Rb8 16. Qxc6 Rxb2 17. Rae1 Qa5 18. Qxd6 Bc3 19. Bg3 Bxe1 20. Bxe1 Qxa2
21. Bb4 Rxb4 0-1

[Event "Miedzynarodowe Mistrzostwa Malopolski"]
[Site "Krakow"]
[Date "2011.05.07"]
[Round "7"]
[White "Kosturkiewicz, Jacek"]
[Black "Jakubiec, Edyta"]
[Result "0-1"]
[WhiteElo "2030"]
[BlackElo "2206"]
[PlyCount "80"]
[EventDate "2011.??.??"]

1. e4 c5 2. Nf3 d6 3. d4 cxd4 4. Nxd4 Nf6 5. Nc3 a6 6. Bg5 e6 7. f4 h6 8. Bh4
Be7 9. Qf3 Qc7 10. O-O-O Nbd7 11. Bd3 g5 12. fxg5 Ne5 13. Qe2 Nfg4 14. Nf3 hxg5
15. Bxg5 Bxg5+ 16. Nxg5 Qc5 17. Rd2 Nxd3+ 18. Qxd3 Qxg5 19. Qxd6 Ne5 20. b3 Bd7
21. h4 Qg7 22. h5 O-O-O 23. Rhd1 Qg5 24. Kb2 Bc6 25. Qxd8+ Rxd8 26. Rxd8+ Qxd8
27. Rxd8+ Kxd8 28. Kc1 Ng4 29. Kd2 Ke7 30. Kd3 Kf6 31. Kd4 e5+ 32. Kc5 Nf2 33.
Nd5+ Kg5 34. Kd6 f6 35. Ke6 Nxe4 36. Nxf6 Nxf6 37. Kxe5 Nxh5 38. a4 Nf4 39. g3
Ne2 40. c4 Nc1 0-1

[Event "Miedzynarodowe Mistrzostwa Malopolski"]
[Site "Krakow"]
[Date "2011.05.07"]
[Round "7"]
[White "Zadlo, Tomasz"]
[Black "Suliborski, Jakub"]
[Result "1-0"]
[WhiteElo "2077"]
[BlackElo "1902"]
[PlyCount "69"]
[EventDate "2011.??.??"]

1. e4 e6 2. d4 d5 3. Nd2 Nf6 4. e5 Nfd7 5. Bd3 c5 6. c3 Nc6 7. Ngf3 cxd4 8.
cxd4 f6 9. exf6 Nxf6 10. O-O Bd6 11. Re1 O-O 12. Nf1 Qc7 13. Bg5 h6 14. Bh4 g5
15. Bg3 Bf4 16. Rc1 Nh5 17. Rc3 Qf7 18. Kh1 a6 19. Ne3 e5 20. Nxd5 Be6 21. Nb6
exd4 22. Rxe6 dxc3 23. Rg6+ Ng7 24. Bc4 Rad8 25. Qb3 Na5 26. Bxf7+ Rxf7 27.
Rxg7+ Kxg7 28. Qxc3+ Kg8 29. Qxa5 Rd1+ 30. Ng1 Re7 31. Bxf4 Ree1 32. h4 gxf4
33. Kh2 Rxg1 34. Kh3 Rd3+ 35. f3 1-0

[Event "Miedzynarodowe Mistrzostwa Malopolski"]
[Site "Krakow"]
[Date "2011.05.07"]
[Round "7"]
[White "Wierzbicka, Wiktoria"]
[Black "Sanetra, Szymon"]
[Result "1/2-1/2"]
[WhiteElo "2026"]
[BlackElo "2028"]
[PlyCount "91"]
[EventDate "2011.??.??"]

1. e4 c6 2. d4 d5 3. exd5 cxd5 4. c4 Nf6 5. Nc3 e6 6. Nf3 Be7 7. cxd5 Nxd5 8.
Bd3 O-O 9. O-O Nc6 10. Re1 Nf6 11. a3 a6 12. Bc2 b5 13. Qd3 g6 14. Bh6 Re8 15.
h4 Bb7 16. Rad1 Qd6 17. Bg5 Rad8 18. Bb3 Kg7 19. d5 exd5 20. Nxd5 Nxd5 21. Qxd5
Qxd5 22. Bxd5 f6 23. Bf4 Bf8 24. Ba2 Rxe1+ 25. Rxe1 Nd4 26. Nxd4 Rxd4 27. Be3
Re4 28. Rd1 Re8 29. Rd7+ Re7 30. Rd8 Bc6 31. Rc8 Bb7 32. Rd8 Bc6 33. Bd4 Re8
34. Rxe8 Bxe8 35. Bd5 b4 36. axb4 Bxb4 37. Bc4 Bb5 38. Bxb5 axb5 39. Kf1 Kf7
40. Ke2 Ke6 41. Kf3 h5 42. g4 hxg4+ 43. Kxg4 f5+ 44. Kg5 Be7+ 45. Kxg6 Bxh4 46.
Kh5 1/2-1/2

[Event "Miedzynarodowe Mistrzostwa Malopolski"]
[Site "Krakow"]
[Date "2011.05.07"]
[Round "7"]
[White "Bednarczyk, Damian"]
[Black "Blasiak, Miroslaw"]
[Result "1-0"]
[WhiteElo "2002"]
[BlackElo "1957"]
[PlyCount "69"]
[EventDate "2011.??.??"]

1. d4 d5 2. c4 e6 3. Nc3 Nf6 4. cxd5 exd5 5. Bg5 Be7 6. Qc2 O-O 7. e3 c6 8. Bd3
Nbd7 9. Nge2 Re8 10. O-O Nf8 11. f3 Nh5 12. Bxe7 Qxe7 13. e4 dxe4 14. fxe4 Be6
15. Kh1 Rad8 16. Rad1 Nf6 17. h3 Ng6 18. a3 a5 19. Rf3 c5 20. Bb5 Rf8 21. d5
Bc8 22. Ng3 Qe5 23. Qf2 b6 24. Re1 Nh4 25. Rfe3 Rd6 26. Rf1 h6 27. Nf5 Nxf5 28.
exf5 Qd4 29. Rd1 Ne4 30. Qf4 Nxc3 31. Rxd4 cxd4 32. bxc3 Rxd5 33. Re5 Rfd8 34.
Rxd5 Rxd5 35. Qb8 1-0

[Event "Miedzynarodowe Mistrzostwa Malopolski"]
[Site "?"]
[Date "2011.05.07"]
[Round "7"]
[White "Kumor, Lukasz"]
[Black "Zaboklicki, Zbigniew"]
[Result "1-0"]
[WhiteElo "2165"]
[BlackElo "1898"]
[PlyCount "55"]
[EventDate "2011.05.01"]
[SourceDate "2011.05.07"]

1. e4 c5 2. Nf3 Nc6 3. d4 cxd4 4. Nxd4 e6 5. Nc3 a6 6. g3 Nge7 7. Bg2 Nxd4 8.
Qxd4 Nc6 9. Qd1 Bc5 10. O-O h5 11. h4 Ne5 12. Bf4 Ng4 13. Na4 Ba7 14. Bd6 g5
15. hxg5 Qxg5 16. Bf4 Qa5 17. c4 b5 18. e5 Rb8 19. cxb5 axb5 20. Nc3 Nxf2 21.
Rxf2 Bxf2+ 22. Kxf2 h4 23. Ne4 hxg3+ 24. Kxg3 Rg8+ 25. Bg5 Rxg5+ 26. Nxg5 b4
27. Qd6 Qa7 28. Rh1 1-0

[Event "Miedzynarodowe Mistrzostwa Malopolski"]
[Site "Krakow"]
[Date "2011.05.07"]
[Round "8"]
[White "Kaim, Piotr"]
[Black "Sadzikowski, Daniel"]
[Result "0-1"]
[WhiteElo "2285"]
[BlackElo "2374"]
[PlyCount "144"]
[EventDate "2011.??.??"]

1. Nf3 d5 2. c4 c6 3. g3 Nf6 4. Bg2 Bg4 5. Ne5 Bf5 6. cxd5 cxd5 7. Nc3 e6 8. g4
Bg6 9. Qa4+ Nbd7 10. h4 Bd6 11. Nxd7 Qxd7 12. Qxd7+ Kxd7 13. h5 Be4 14. f3 Bc2
15. g5 Ne8 16. d3 Be5 17. Bd2 Rg8 18. a4 Nd6 19. O-O d4 20. Na2 g6 21. f4 Bg7
22. Nb4 Rac8 23. h6 Bh8 24. Rfc1 Bb3 25. Ra3 Rxc1+ 26. Bxc1 Rc8 27. Bd2 Bc2 28.
Na2 Bb1 29. Nb4 a5 30. Ra1 axb4 31. Rxb1 b3 32. Bb4 b6 33. Kf2 f6 34. a5 bxa5
35. Bxa5 fxg5 36. fxg5 Be5 37. Bb6 Rb8 38. Bc5 Rb5 39. Bxd6 Bxd6 40. Ra1 Rxg5
41. Ra7+ Bc7 42. Bh3 Rh5 43. Bxe6+ Kxe6 44. Rxc7 Rxh6 45. Rb7 Kf5 46. Kg3 g5
47. Rxb3 Rh1 48. Rb5+ Kg6 49. Rb6+ Kh5 50. Rd6 Re1 51. Kf2 Rb1 52. Rxd4 Rxb2
53. Re4 Rb6 54. d4 Kg6 55. Re5 h5 56. Kg3 Rb1 57. Re6+ Kf5 58. Re5+ Kf6 59. e4
h4+ 60. Kg4 Rg1+ 61. Kh3 Rg3+ 62. Kh2 Rd3 63. Rf5+ Kg6 64. d5 Rd2+ 65. Kg1 h3
66. Rf2 Rd3 67. Kh2 g4 68. Re2 Kg5 69. e5 Kh4 70. Re4 Rd2+ 71. Kg1 h2+ 72. Kh1
Kh3 0-1

[Event "Miedzynarodowe Mistrzostwa Malopolski"]
[Site "Krakow"]
[Date "2011.05.07"]
[Round "8"]
[White "Jakubiec, Artur"]
[Black "Szuper, Paul"]
[Result "1-0"]
[WhiteElo "2535"]
[BlackElo "2184"]
[PlyCount "51"]
[EventDate "2011.??.??"]

1. e4 e5 2. Nf3 d6 3. d4 exd4 4. Qxd4 a6 5. Bg5 Nc6 6. Qd2 Be7 7. Nc3 Bg4 8.
Be3 Nf6 9. h3 Bh5 10. Nd4 Nxd4 11. Qxd4 O-O 12. f4 c5 13. Qd3 d5 14. exd5 c4
15. Qxc4 Rc8 16. Qd3 Bb4 17. g4 Qa5 18. Bd2 Rfe8+ 19. Be2 Bxc3 20. Bxc3 Qxd5
21. Qxd5 Nxd5 22. gxh5 Nxf4 23. Rh2 Rc6 24. Bd2 Nxh5 25. O-O-O Ng3 26. Bd3 1-0

[Event "Miedzynarodowe Mistrzostwa Malopolski"]
[Site "Krakow"]
[Date "2011.05.07"]
[Round "8"]
[White "Barski, Radoslaw"]
[Black "Gbyl, Andrzej"]
[Result "1-0"]
[WhiteElo "2284"]
[BlackElo "2244"]
[PlyCount "81"]
[EventDate "2011.??.??"]

1. e4 e6 2. d4 d5 3. Nd2 Nf6 4. e5 Nfd7 5. f4 c5 6. c3 Nc6 7. Ndf3 Be7 8. Bd3
cxd4 9. cxd4 Qb6 10. Ne2 f6 11. a3 a5 12. b3 O-O 13. h4 Kh8 14. Bb1 Rf7 15. Qd3
Nf8 16. h5 Qa6 17. Qe3 Bd7 18. Bg6 Kg8 19. Bxf7+ Kxf7 20. h6 g6 21. exf6 Bxf6
22. Ne5+ Ke7 23. O-O Qb6 24. Bd2 Nd8 25. Rfe1 Bb5 26. Nc3 Bc6 27. Rab1 Nf7 28.
b4 axb4 29. axb4 Nxh6 30. b5 Bd7 31. Qh3 Bxe5 32. Nxd5+ exd5 33. Rxe5+ Kf7 34.
Qxh6 Qxd4+ 35. Be3 Qd3 36. Re1 d4 37. Bf2 Re8 38. Rxe8 Bxe8 39. Bh4 Qa3 40. Qg5
Nd7 41. Re7+ 1-0

[Event "Miedzynarodowe Mistrzostwa Malopolski"]
[Site "Krakow"]
[Date "2011.05.07"]
[Round "8"]
[White "Jakubiec, Edyta"]
[Black "Khamitskiy, Sergei"]
[Result "1-0"]
[WhiteElo "2206"]
[BlackElo "2317"]
[PlyCount "65"]
[EventDate "2011.??.??"]

1. e4 e6 2. d4 d5 3. Nd2 Nf6 4. e5 Nfd7 5. f4 c5 6. c3 Nc6 7. Ndf3 Qb6 8. a3 a5
9. b3 Be7 10. h4 h5 11. Rh3 Qd8 12. Be3 cxd4 13. cxd4 b6 14. Bd3 Ndb8 15. Ng5
Ba6 16. Bb1 Qd7 17. g4 hxg4 18. Qxg4 Bxg5 19. hxg5 Rxh3 20. Qxh3 g6 21. Qh8+
Ke7 22. Qf6+ Ke8 23. Ra2 Qe7 24. Rh2 Nd7 25. Rh8+ Nf8 26. f5 Qxf6 27. gxf6 Kd7
28. fxg6 fxg6 29. Bh6 Nxd4 30. Rxf8 Rxf8 31. Bxf8 Ke8 32. Bd6 Nf5 33. Bxf5 1-0